000 00539nam#a2200205#c#4500
003 IEF
005 20180219164333.0
008 950804s1979 uuu####fr####| 0||u| |u
040 _aIEF
100 1 _aGreen, Edwin
_919488
245 _aDebtors to their profession : a history of the Institute of Bankers
260 _a[London]
_b Methuen
_c1979
300 _aXXI, 245 p.
_b lam.
_c 24 cm.
650 4 _aBANCOS
_932280
650 4 _aHISTORIA
_945399
650 4 _aREINO UNIDO
_948241
942 _cLIB
942 _z77884
999 _c88345
_d88345